000 00553nam a2200193 a 4500
005 20240910064211.0
008 991125s1989 es 000 0 spa u
020 _a8475095240
035 _aUPN01000003305
049 _aCG
050 4 _aGN25
_aG4.38
100 1 _aGeertz, Clifford James,
_d1926-2006
_930831
245 1 3 _aEl antropólogo como autor /
_cClifford Geertz ; tr. Alberto Cardín.
260 _aBarcelona [Esp.] :
_bPaidós,
_c1989.
300 _a163 p.
440 0 _aPaidós studio ;
_v73
650 2 _aAntropología
_94499
905 _aLibro
999 _c3305
_d3305